A spanyol expanzió "Nyugaton" és "Keleten"

Elmentve itt :
Bibliográfiai részletek
Szerző: Túróczi Tamás
További közreműködők: Kövér Lajos (Témavezető)
Dokumentumtípus: Szakdolgozat
Megjelent: 2014
Tárgyszavak:
Online Access:http://diploma.bibl.u-szeged.hu/52239
LEADER 00673nta a2200169 i 4500
001 dipl52239
005 20150626145917.0
008 150626s2014 hu om 0|| zxx d
040 |a SZTE Diploma Repozitórium  |b hun 
041 |a zxx 
100 1 |a Túróczi Tamás 
245 1 2 |a A spanyol expanzió "Nyugaton" és "Keleten"  |h [elektronikus dokumentum] /  |c Tamás Túróczi 
246 1 0 |a The Spanish expansion in the "West" and in the "East"  |h [elektronikus dokumentum] 
260 |c 2014 
650 4 |a Bölcsészettudományok 
700 1 |a Kövér Lajos  |e ths 
856 4 0 |u http://diploma.bibl.u-szeged.hu/id/eprint/52239/1/2013_T%C3%BAr%C3%B3czi_Tam%C3%A1s_TUTNAAB_SZE_SZ.pdf  |z Dokumentum-elérés